MAITE COMPLETO - Statistics

Estatísticas Gerais
  • Esse quiz foi jogado 10 vezes
    8 desde o último reset
  • A pontuação média é 34 de 81
Estatísticas das Respostas
Hint Resposta % Correto
cada cilindro tem _ velas _____ por um dos magnetos 2 alimentadas independentemente
75%
O magneto é uma ___ __ _____ ___ da bateria fonte de eletricidade independente
75%
Através de um _____ e de um ______, produz o centelhamento _____ e na correta sequencia para cada camara platinado distribuidor alternado
75%
Pressão do óleo, está graduada de _ a _ psi, com divisões de _ em _psi 0 200 10 10
50%
Temperatura da cabeça do cilindro, de _ a _ com divisões de _ em _ °F 100 500 20 20
50%
Não operar o motor de arranque por mais de __ segundos, após esse tempo, intervalo de pelo menos ___ segundos para nova partida. Poderão ser realizadas __ tentativas 10 30 6
50%
temperatura do óleo de _ em _ com divisões de _ em _ ºF 50 250 10 10
50%
Diâmetro da hélice A2- ___ pol ou __m 82 2,083
50%
O magneto é um _____ acoplado ao giro do motor por meio de _____ o que faz com que a própria rotação do motor gere a tensão necessária ao ____ _ __ alternador engrenagens centelhamento das velas
50%
óleo de tampa vermelha é usado para ________ amaciamento do motor ou dos cilindros
50%
SPINNER - preso a um _____ anel de suporte
50%
Peça metálica que fixa a carenagem do cubo anel suporte
50%
O passo é o __________________, medido a 30pol de distância do eixo do cubo da hélice angulo formado pela corda média da helice e o plano descrito pela sua rotação
50%
Quando o interruptor de partida é acionado, um solenoide permite ______ a passagem de corrente para o motor de arranque
50%
O sistema de lubrificação é completamente ___ automatico
50%
A verificação da quantidade de óleo é feita por uma vareta, conectada ao ___ bulbo de abastecimento
50%
O conduto passa através de uma _______ que tem por finalidade _____, quando a aeronave é submetida a cargas 'g' negativas. caixa separadora reter a quantidade inicial de óleo lançada fora do cárter
50%
A pressão de admissão mede a pressão do ar que entra na __________ camara de combustão
50%
Manetes dos gases - tem por finalidade________________ permitindo maior ou menor entrada de combustível e ar nos cilindros comandar a borboleta do servo injetor
50%
Como o amortecimento do pescador é feito parcialmente pelo ______, recomenda-se não executar _______ quando um dos tanques de alimentação estiver completamente _____ combustível acrobacias vazio
50%
Qualquer posição entre os extremos está dentro do _________ curso de empobrecimento
50%
Bomba do tipo _____ instalada no _____ de engrenagens interior do motor
50%
Nunca misturar óleos ________ de marcas ou especificações diferentes
50%
O travamento das manetes é feito por fricção, girando-se no sentido horário o ___ _____ disco recartilhado
50%
EGT é ____ e mede a temperatura com que os gases saem do escapamento elétrico
50%
é acionado por ____ conectadas ao ___ engrenagens eixo de manivelas do motor
50%
Suspiro - tem a finalidade de _____Há um conduto que liga o sistema ao ar exterior. equalizar a pressão interna do sistema de óleo com a pressão atmosférica
50%
Válvulas unidirecionais - 6 delas estão colocadas no sistema, permitindo o ___ fluxo de combustível apenas no sentido de alimentação
50%
na posição POBRE não há mais __________ e o motor para de funcionar fluxo de combustível para os cilindros
50%
preferencialmente deve-se usar ___ fonte externa
50%
A peça responsável pela variação da pressão do óleo é o ___ governador
50%
Tanque de alimentação é suprido pelo tanque principal por ___ gravidade
50%
o interruptor está protegido por um ______ guarda chave
50%
Hélice é acionada _____ por um ____ e um sistema de _____ hidraulicamente governador contrapesos
50%
A tomada da temperatura é feita após a _______ (lado em que fica o cilindro mais quente, o ultimo do lado direito) junção dos três escapamentos da direita
50%
Tanques principais e de alimentação estão instalados entre as _____________ longarinas dianteiras e traseiras
50%
responsável pela ______ constante através da variação do passo manutenção da RPM
50%
O sistema levará a hélice para ____ em caso de queda de pressão do óleo, evitando seu disparo. Se houver uma ruptura do cabo do governador, uma mola levará a hélice para o passo ____ MÁXIMO MÍNIMO
50%
Cubo da hélice - em seu interior está o ____ mecanismo que faz variar o passo
50%
O arranque constitui-se de um ____ ____ ___ ____ que se acopla na _____ quando acionado, pondo em movimento o eixo do motor/hélice motor elétrico com engrenagens cremalheira
50%
No voo de dorso, a pressão do óleo cai, e em consequência, o governador ______, que vai automaticamente para o passo ____ por força dos ____ não comanda a hélice máximo contrapesos
50%
Radiador - instalado na ______, é o responsável pela _____ parte frontal do motor refrigeração do óleo
50%
Governador - situado na ____ parte frontal superior esquerda do motor
50%
Filtro - instalado na ____ parte posterior do motor
50%
No tanque de alimentação há um ______ para coletar combustível em qualquer atitude de voo pescador
50%
O óleo é retirado da parte mais baixa do carter, através de um ____, limitando o voo de dorso a um máx. de 5s. Caso este limite seja excedido, a lubrificação não se efetuará adequadamente por ______ pescador perda de pressão no sistema
50%
O tanque auxiliar não dispõe do _____ para coletar combustível. Por isso, sempre que forem efetuada acrobacias, devemos selecionar um dos ____ ____ pescador tanques principais
50%
Pressão de admissão é medida em ______ e com divisões de __ polegadas de mercurio uma polegada
50%
Quando motor estiver parado, indicará ________ pressão barometrica local
50%
spinner tem por finalidade ______ contra poeira, sendo de formato aerodinamico. É totalmente metálico (DURAL) proteger o cubo da helice
50%
Os comandos se encontram agrupados em dois conjuntos na nacele. Um no _____ das manetes(lado esquerdo) e um no ___ das manetes(entre as duas cadeiras) quadrante pedestal
50%
Manete mistura serve para controlar a ________ relação gasolina ar
50%
O abastecimento é feito por gravidade através de quatro bocais, cada bocal possui um _____ suspiro para dar vazão ao excesso de combustível
50%
A medição da TCC é feita através de um ___ colocado na cabeça do cilindro mais quente que é o nº _ termopar 5
50%
Somente o conjunto do aluno possui dispositivo para _____das manetes travamento
50%
São um total de _ para os tanques principais e auxiliares. Internamente, os respiros do tanque de alimentação são interligados com os dos tanques principais, que mesmo com os tanques cheios não darão passagem ao combustível 4
25%
Bicos injetores - são __ um para cada ____. Recebe o combustível dosado e pressurizado da aranha e o ___ 6 cilindro injeta pulverizado na antecamara do cilindro
25%
A energia para a partida pode prover da ______ bateria ou fonte externa
25%
Ao ser constatada falha no sistema normal de combustível, deverá ser ligada a ___ booster
25%
Um filtro _____ está colocado entre a _____ e a ________ copinho bomba de reforço bomba mecânica
25%
O dreno do filtro (____) deve ser acionado com a ________ copinho seletora aberta
25%
A troca do tanque é feita ____ de um para o outro sem passar pela posição fechada diretamente
25%
Uma bomba de ____ no seu interior aumenta em aproxidamente ____ vezes a pressão do óleo do motor e o envia ao _______ engrenagens quatro cubo da hélice
25%
Respiros- são dispositivos para ________ equalizar a pressão interna dos tanques com a pressão atmosférica
25%
Esta bomba suprirá o sistema no caso de _____, e quando estiver desligada dará passagem ao combustível no seu interior falha da bomba mecânica
25%
Parar a seletora entre um tanque e outro ocasionará uma _______ interrupção no fluxo de combustível
25%
Há 6 filtros no sistema, 4 do tipo _____, estão colocados nos _____ e nos ______ malha grossa tanques auxiliares pescadores dos tanques de alimentação
25%
Válvula distribuidora, localiza em cima do motor, é a peça que recebe ______ e o distribui para os _____. Nela está situada a tomada para o ___ o combustível já dosado e pressurizado bicos injetores fluxometro
25%
Liquidômetros - sua medição é feita por _____ localizado nas partes ____ dos tanques potenciômetros tipo boia superiores
25%
Drenos tem a finalidade de _____ do sistema, são num total de _ retirar água sedimentada em excesso 7
25%
BOOSTER- localizada após a _____, acionada _______, tem a função de _________, servir como sistema redundante em fases críticas do voo (____,___,___ ou _____), e de manter o ______ para o sistema no caso de _____ seletora de combustível eletricamente fornecer combustível durante a partida decolagem pouso acrobacias passagem baixa fluxo de combustível falha da bomba do motor
25%
Além desses 5, há o filtro do ______ de malha ____ servo injetor finíssima
25%
2 estão nas linhas que vão dos _____ para a _____ tanques auxiliares seletora
25%
2 estão nas linhas que vão dos _____ para a _____ tanques de alimentação seletora
25%
2 delas estão nos ___, na entrada de combustível que vem dos ____ tanques de alimentação tanques principais
25%
Bomba mecânica ou do motor - localizada na parte _______, e nele acoplada ______, tem a finalidade de ____ traseira do motor mecanicamente suprir de combustível sob pressão o servo injetor
25%
Servo injetor - instalado na parte _______, é a peça que ________ da bomba mecânica e ___ do exterior... traseira do motor recebe o combustível pressurizado ar filtrado
25%
A vazão de combustível é indicada no fluxômetro que mede o fluxo em litros por hora. A marcação externa dá a pressão de combustível nas ____ em psi tubulações que o levam aos cilindros
25%
para então dosá-los à ____ e antecamara dos cilindror. Faz o papel de_____ valvula distribuidora carburador
25%
No T-25A não há nenhuma _______ de quantidade mínima de gasolina existente indicação luminosa
0%
Fluxômetro - com tomada na válvula distribuidora, mede a _____. Indicação de L/H na escala interna, e pressão em PSI na escala externa pressão do combustível que é proporcional ao consumo
0%
Nenhum quiz correspondente encontrado
Distribuição das Pontuações
Porcentagem de Pessoas com Cada Pontuação
Percentil de Números Respondidos
Sua Pontuação Histórica
Você não jogou esse quiz desde o último reset